000 00723nam a22002177a 4500
003 OSt
005 20230914094329.0
008 221006b |||||||| |||| 00| 0 eng d
040 _cBiblioteca Lado V
082 _a731.5
_bP116u
100 _91001
_aPacheco, Nazareth
_etextos
245 _aUma realidade...Dilacerante_
260 _bValuoria GalerĂ­a de Arte
_c1997
_aSao Paulo
300 _c15x20cm
_a22p.
366 _espa
650 _2Tesauro de Arte & Arquitectura
_aARTE
_9703
650 _2Tesauro de Arte & Arquitectura
_aEXHIBICION
_9702
650 _2Tesauro de Arte & Arquitectura
_aESCULTURA
_9702
650 _2Tesauro de Arte & Arquitectura
_aFIGURA
942 _2ddc
_c1
_h731.5
_iP116u
_n0
999 _c4309
_d4309